000 00444nam a2200169Ia 4500
003 GCL
008 140319s9999 xx 000 0 ara d
040 _aGCL /
_cGCL
082 0 4 _aم
_b912
_bم ا
100 1 _aمكتبة الصغار
245 1 0 _aاطلس العالم /
_cمكتبة الصغار
300 _a160ص
650 0 4 _aالخرائط
650 0 4 _aالاطالس
650 0 4 _aالعالم - الخرائط
942 _2ddc
_cREF
999 _c59720
_d59720